[Event "SLO-chT2 West"]
[Site "Komenda"]
[Date "2022.11.26"]
[Round "5.3"]
[White "Rozman, Mitja"]
[Black "Krupenko, Peter"]
[Result "0-1"]
[WhiteElo "1995"]
[BlackElo "1932"]
[PlyCount "90"]
[EventDate "2022.11.19"]
[EventType "team-tourn"]
[EventRounds "7"]
[EventCountry "SLO"]
[SourceTitle "EXT 2024"]
[Source "ChessBase"]
[SourceDate "2023.10.10"]
[SourceVersion "1"]
[SourceVersionDate "2023.10.10"]
[SourceQuality "1"]
[WhiteTeam "Kranj Tomo Zupan II"]
[BlackTeam "Trzin"]
[WhiteTeamCountry "SLO"]
[BlackTeamCountry "SLO"]

1. Nf3 Nf6 2. g3 g6 3. Bg2 Bg7 4. c3 c5 5. d4 cxd4 6. cxd4 d5 7. Nc3 0-0 8. 0-0 Nc6 9. Ne5 e6 10. f4 Nd7 11. e4 Nf6 12. Nxc6 bxc6 13. e5 Nd7 14. Qa4 Qb6 15. Rd1 Ba6 16. Qa3 Rfb8 17. b3 Bf8 18. Qb2 c5 19. Be3 c4 20. Nxd5 exd5 21. Bxd5 c3 22. Qxc3 Rc8 23. Qd2 Bb7 24. Bc4 Qb4 25. Qe2 Nb6 26. a3 Qe7 27. d5 Qe8 28. Bb5 Qd8 29. d6 Rc3 30. Rac1 Nd5 31. Bd4 Rac8 32. Bc4 Rxc1 33. Rxc1 Qd7 34. Rc2 Qf5 35. Bd3 Rxc2 36. Bxc2 Nxf4 37. gxf4 Qxf4 38. Qf2 Qc1+ 39. Qf1 Qxc2 40. b4 Qe4 41. Ba1 Qh1+ 42. Kf2 Qxh2+ 43. Ke3 Bh6+ 44. Kd4 Qd2+ 45. Kc5 Qd5# 0-1

[Event "SLO-chT2 West"]
[Site "Komenda"]
[Date "2022.11.19"]
[Round "2.3"]
[White "Rozman, Mitja"]
[Black "Gasparic, Stojan"]
[Result "1-0"]
[WhiteElo "1995"]
[BlackElo "1961"]
[PlyCount "61"]
[EventDate "2022.11.19"]
[EventType "team-tourn"]
[EventRounds "7"]
[EventCountry "SLO"]
[SourceTitle "EXT 2024"]
[Source "ChessBase"]
[SourceDate "2023.10.10"]
[SourceVersion "1"]
[SourceVersionDate "2023.10.10"]
[SourceQuality "1"]
[WhiteTeam "Kranj Tomo Zupan II"]
[BlackTeam "Piran"]
[WhiteTeamCountry "SLO"]
[BlackTeamCountry "SLO"]

1. Nf3 d5 2. g3 g6 3. Bg2 Bg7 4. d4 Nf6 5. c4 0-0 6. Ne5 c5 7. cxd5 cxd4 8. 0-0 Nxd5 9. Qxd4 Nc6 10. Nxc6 bxc6 11. Qa4 Qb6 12. e4 Nb4 13. Be3 Qb5 14. Qxb5 cxb5 15. e5 Nc2 16. Bxa8 Nxa1 17. Nc3 Nc2 18. Bxa7 Bxe5 19. Be4 Bxc3 20. bxc3 Bf5 21. Bxf5 gxf5 22. Rb1 Ra8 23. Bc5 Rxa2 24. Bxe7 Ra7 25. Bc5 Rb7 26. Kf1 f6 27. Rb2 Na1 28. Ke2 Kf7 29. Rb1 Rc7 30. Rxb5 Nb3 31. Bb4 1-0

[Event "SLO-chT 31st"]
[Site "Ljubljana"]
[Date "2021.09.24"]
[Round "7.3"]
[White "Leben, Dusan"]
[Black "Rozman, Mitja"]
[Result "0-1"]
[WhiteElo "1838"]
[BlackElo "2020"]
[PlyCount "90"]
[EventDate "2021.09.10"]
[EventType "team-tourn"]
[EventRounds "9"]
[EventCountry "SLO"]
[SourceTitle "CBM 204 Extra"]
[Source "ChessBase"]
[SourceDate "2021.11.30"]
[SourceVersion "1"]
[SourceVersionDate "2021.11.30"]
[SourceQuality "1"]
[WhiteTeam "Trzin"]
[BlackTeam "Kranj Tomo Zupan"]
[WhiteTeamCountry "SLO"]
[BlackTeamCountry "SLO"]

1. e4 d6 2. d4 Nf6 3. Bd3 e5 4. c3 Nc6 5. d5 Nb8 6. Ne2 c6 7. c4 g6 8. 0-0 Bg7 9. a4 Na6 10. Ng3 0-0 11. Bd2 Kh8 12. b4 Ng8 13. Bc3 Nh6 14. Nd2 Bd7 15. Kh1 Rc8 16. Qe2 cxd5 17. exd5 Nc7 18. Bb2 f5 19. f3 Ne8 20. Qf2 a6 21. Qa7 Rc7 22. Qb6 Bc8 23. a5 Qh4 24. Rac1 f4 25. Nge4 Nf5 26. Qf2 Qh5 27. b5 Ne3 28. Rfe1 g5 29. Rxe3 fxe3 30. Qxe3 g4 31. Qg5 Qxg5 32. Nxg5 gxf3 33. gxf3 Bh6 34. Rg1 Rg7 35. Nde4 Bxg5 36. Nxg5 h6 37. Ne6 Bxe6 38. dxe6 Rxf3 39. Rxg7 Kxg7 40. Be4 Rb3 41. Bxb7 axb5 42. c5 Rxb2 43. cxd6 Nxd6 44. a6 Ra2 45. h4 Kf6 0-1

[Event "SLO-chT 28th"]
[Site "Slovenia"]
[Date "2018.11.09"]
[Round "4.1"]
[White "Buzeti, Jernej"]
[Black "Rozman, Mitja"]
[Result "1-0"]
[WhiteElo "2200"]
[BlackElo "2036"]
[PlyCount "89"]
[EventDate "2018.11.02"]
[EventType "team-tourn"]
[EventRounds "9"]
[EventCountry "SLO"]
[SourceTitle "CBM 187 Extra"]
[Source "ChessBase"]
[SourceDate "2018.11.04"]
[SourceVersion "1"]
[SourceVersionDate "2018.11.04"]
[SourceQuality "1"]
[WhiteTeam "Maribor"]
[BlackTeam "Tomo Zupan Kranj"]
[WhiteTeamCountry "SLO"]
[BlackTeamCountry "SLO"]

1. e4 e5 2. Nf3 Nc6 3. Bb5 Nge7 4. Nc3 Ng6 5. 0-0 Bc5 6. d3 0-0 7. h3 Nd4 8. Bc4 c6 9. a3 Qf6 10. Nxd4 Bxd4 11. Ne2 Bb6 12. Be3 Bxe3 13. fxe3 Qe7 14. Ng3 d6 15. Nf5 Qc7 16. Qg4 Be6 17. h4 d5 18. Bb3 Rad8 19. h5 Rfe8 20. Qg3 Bxf5 21. exf5 Nf8 22. f6 g6 23. hxg6 hxg6 24. Qh4 e4 25. d4 Qd6 26. Qh6 Ne6 27. Kf2 Qf8 28. Qh4 Ng7 29. fxg7 Qxg7 30. Rh1 Rd6 31. Qh6 Qf6+ 32. Ke2 b5 33. Qh7+ Kf8 34. Raf1 Qe6 35. Qh3 Ke7 36. Qxe6+ Kxe6 37. Rh7 Rd7 38. g4 g5 39. Rh6+ Ke7 40. Rxc6 Rh8 41. Rc5 Rh4 42. Bxd5 Rxg4 43. Rxf7+ Kd8 44. Rxd7+ Kxd7 45. Kf2 1-0

[Event "SLO-chT 28th"]
[Site "Slovenia"]
[Date "2018.11.04"]
[Round "3.1"]
[White "Rozman, Mitja"]
[Black "Zupancic, Urban"]
[Result "0-1"]
[WhiteElo "2036"]
[BlackElo "1973"]
[PlyCount "102"]
[EventDate "2018.11.02"]
[EventType "team-tourn"]
[EventRounds "9"]
[EventCountry "SLO"]
[SourceTitle "CBM 187 Extra"]
[Source "ChessBase"]
[SourceDate "2018.11.04"]
[SourceVersion "1"]
[SourceVersionDate "2018.11.04"]
[SourceQuality "1"]
[WhiteTeam "Tomo Zupan Kranj"]
[BlackTeam "Novo Mesto Krka"]
[WhiteTeamCountry "SLO"]
[BlackTeamCountry "SLO"]

1. Nf3 Nf6 2. g3 g6 3. Bg2 Bg7 4. 0-0 0-0 5. c3 d6 6. Qc2 e5 7. e4 Re8 8. Re1 c5 9. a3 Qc7 10. b4 cxb4 11. axb4 Nc6 12. Na3 Bg4 13. d3 Rac8 14. Nb5 Qb8 15. Qb1 a6 16. Na3 d5 17. b5 Na5 18. Be3 Qd6 19. Nc2 dxe4 20. dxe4 Nc4 21. bxa6 bxa6 22. Qb7 a5 23. h3 Bd7 24. Qa7 Rc7 25. Rad1 Qc6 26. Nxe5 Nxe5 27. Qxa5 Qxc3 28. Nb4 Rcc8 29. Bd4 Qc7 30. Qa1 Ra8 31. Na6 Qd6 32. Bxe5 Qxe5 33. Qxe5 Rxe5 34. f4 Re7 35. Nc5 Rc8 36. Rc1 Bb5 37. e5 Nd7 38. Ne4 Rxc1 39. Rxc1 Nf8 40. Nd6 Bd7 41. Rc7 Ne6 42. Ra7 Bf8 43. Bd5 Nd8 44. Ne4 Be6 45. Ra8 Bxd5 46. Nf6+ Kg7 47. Rxd8 Bc6 48. Nxh7 Kxh7 49. Rxf8 Be8 50. e6 Kg7 51. exf7 Kxf8 0-1

[Event "SLO-chT 27th"]
[Site "Slovenia"]
[Date "2017.09.29"]
[Round "1.5"]
[White "Sorcnik, Franc"]
[Black "Rozman, Mitja"]
[Result "0-1"]
[WhiteElo "2060"]
[BlackElo "2024"]
[PlyCount "90"]
[EventDate "2017.09.29"]
[EventType "team-tourn"]
[EventRounds "9"]
[EventCountry "SLO"]
[SourceTitle "EXT 2018"]
[Source "ChessBase"]
[SourceDate "2017.10.13"]
[SourceVersion "1"]
[SourceVersionDate "2017.10.13"]
[SourceQuality "1"]
[WhiteTeam "Slovenska Bistrica Impol"]
[BlackTeam "Prevodi Dvojka"]
[WhiteTeamCountry "SLO"]
[BlackTeamCountry "SLO"]

1. Nf3 Nf6 2. g3 g6 3. Bg2 Bg7 4. 0-0 0-0 5. c4 c6 6. d4 d6 7. Nc3 Qc7 8. e4 e5 9. dxe5 dxe5 10. Qc2 Na6 11. Qe2 Nc5 12. h3 Bd7 13. Rd1 Rad8 14. b3 Rfe8 15. Bb2 Bc8 16. Kh2 Nh5 17. Qe3 b6 18. b4 Ne6 19. Ne2 Ba6 20. Qb3 Bb7 21. Qe3 Bf6 22. Rac1 Bg7 23. a3 Ba6 24. Qb3 Bf6 25. h4 Bg7 26. Bh3 c5 27. b5 Bb7 28. Qe3 Nd4 29. Nc3 Qd6 30. Nd5 Qf8 31. Qd3 Bh6 32. Rb1 f5 33. Bg2 fxe4 34. Qxe4 Bxd5 35. cxd5 Nf6 36. Qd3 e4 37. Nxd4 exd3 38. Ne6 Ng4+ 39. Kh1 Nxf2+ 40. Kg1 Rxe6 41. dxe6 Nxd1 42. Rxd1 c4 43. Bc3 Qxa3 44. Bf6 Qc5+ 45. Kh1 Re8 0-1

[Event "SLO-CupT"]
[Site "Portoroz"]
[Date "2016.03.12"]
[Round "2"]
[White "Bratkovic, Jakob"]
[Black "Rozman, Mitja"]
[Result "1-0"]
[WhiteElo "2280"]
[BlackElo "2085"]
[PlyCount "77"]
[EventDate "2016.03.11"]
[EventType "team-swiss"]
[EventRounds "5"]
[EventCountry "SLO"]
[SourceTitle "EXT 2019"]
[Source "ChessBase"]
[SourceDate "2018.10.10"]
[SourceVersion "1"]
[SourceVersionDate "2018.10.10"]
[SourceQuality "1"]
[WhiteTeam "Maribor"]
[BlackTeam "Prevodi Dvojka"]
[WhiteTeamCountry "SLO"]
[BlackTeamCountry "SLO"]

1. e4 e5 2. Nf3 Nc6 3. Bc4 Bc5 4. 0-0 d6 5. c3 Bg4 6. d3 Bxf3 7. Qxf3 Qf6 8. Qe2 Nge7 9. Nd2 g5 10. b4 Bb6 11. Bb3 Ng6 12. Nc4 Nf4 13. Qd1 h5 14. Nxb6 axb6 15. g3 Ne6 16. Be3 0-0-0 17. a4 g4 18. a5 b5 19. a6 b6 20. a7 Kd7 21. Bd5 Qf3 22. Qxf3 gxf3 23. c4 bxc4 24. dxc4 h4 25. b5 Ncd4 26. Bxd4 Nxd4 27. a8Q Ne2+ 28. Kh1 hxg3 29. Qc6+ Ke7 30. Qxc7+ Rd7 31. Qxd7+ Kxd7 32. fxg3 Nxg3+ 33. Kg1 Ne2+ 34. Kf2 Rxh2+ 35. Kxf3 Nd4+ 36. Kg3 f5 37. Kxh2 f4 38. Ra7+ Kc8 39. Rfa1 1-0

[Event "CZE-chT rap"]
[Site "Pardubice"]
[Date "2015.07.18"]
[Round "5.5"]
[White "Rozman, Mitja"]
[Black "Kocian, Miroslav"]
[Result "0-1"]
[WhiteElo "2099"]
[BlackElo "1966"]
[PlyCount "116"]
[EventDate "2015.07.16"]
[EventType "team-swiss"]
[EventRounds "7"]
[EventCountry "CZE"]
[SourceTitle "CBM 167 Extra"]
[Source "ChessBase"]
[SourceDate "2015.09.14"]
[SourceVersion "1"]
[SourceVersionDate "2015.09.14"]
[SourceQuality "1"]

1. Nf3 Nf6 2. g3 g6 3. Bg2 Bg7 4. 0-0 c5 5. c3 Nc6 6. d4 cxd4 7. cxd4 d5 8. Nc3 Ne4 9. Ng5 Nxc3 10. bxc3 h6 11. Nh3 Bxh3 12. Bxh3 0-0 13. Rb1 Na5 14. Qd3 e6 15. e4 dxe4 16. Qxe4 Rc8 17. Rd1 Re8 18. Rd3 b6 19. Bf4 Rc4 20. Bf1 Qc8 21. Qe1 Ra4 22. Qc1 g5 23. Qc2 Rc4 24. Bc1 Rxd4 25. Rf3 Red8 26. h4 Rd1 27. Bxg5 Rxb1 28. Bxd8 Rxf1+ 29. Kxf1 Qxd8 30. Rd3 Qe8 31. Qd1 Qb5 32. Kg1 Nc6 33. Qe2 Qb1+ 34. Kg2 Ne5 35. Rd8+ Kh7 36. f4 Ng6 37. Rd3 Ne7 38. Qe4+ f5 39. Qe2 Nd5 40. h5 Nxc3 41. Qxe6 Qxa2+ 42. Qxa2 Nxa2 43. Ra3 Nc3 44. Rxa7 b5 45. Rb7 Kg8 46. g4 fxg4 47. Kg3 Bf8 48. Kxg4 b4 49. Kf5 Ne2 50. Rb6 b3 51. Ke4 Nc1 52. Ke3 Bc5+ 53. Kd2 Bxb6 54. Kxc1 Bd4 55. Kd2 Kf7 56. Kd3 Kf6 57. Kc4 b2 58. f5 b1Q 0-1

[Event "SLO-CupT"]
[Site "Novo Mesto"]
[Date "2015.03.29"]
[Round "4"]
[White "Pucelj, Joze"]
[Black "Rozman, Mitja"]
[Result "1/2-1/2"]
[WhiteElo "2084"]
[BlackElo "2071"]
[PlyCount "95"]
[EventDate "2015.03.27"]
[EventType "team-swiss"]
[EventRounds "5"]
[EventCountry "SLO"]
[SourceTitle "EXT 2019"]
[Source "ChessBase"]
[SourceDate "2018.10.10"]
[SourceVersion "1"]
[SourceVersionDate "2018.10.10"]
[SourceQuality "1"]
[WhiteTeam "Dolenjske Toplice"]
[BlackTeam "Tomo Zupan Kranj"]
[WhiteTeamCountry "SLO"]
[BlackTeamCountry "SLO"]

1. Nf3 Nf6 2. d4 g6 3. Bg5 Ne4 4. Bf4 Bg7 5. Nbd2 d5 6. Nxe4 dxe4 7. Ne5 f6 8. Nc4 b5 9. Na3 c6 10. e3 0-0 11. c3 Kh8 12. Be2 Nd7 13. d5 Bb7 14. dxc6 Bxc6 15. Nxb5 e5 16. Bg3 f5 17. Qd6 Rf6 18. Qd2 Qb6 19. Na3 Raf8 20. Bh4 Re6 21. 0-0 f4 22. Rad1 g5 23. Bxg5 Rg6 24. h4 f3 25. Bb5 fxg2 26. Rfe1 Bxb5 27. Nxb5 Nc5 28. Nd6 Nd3 29. Nxe4 Nxe1 30. Rxe1 Qb7 31. h5 Qxe4 32. hxg6 Qf3 33. Qe2 Qh3 34. f4 Qh1+ 35. Kf2 exf4 36. Bxf4 hxg6 37. Qg4 Bf6 38. Ke2 Bh4 39. Rd1 Rd8 40. Be5+ Kh7 41. Rd7+ Rxd7 42. Qxd7+ Kh6 43. Bg7+ Kh5 44. Qd5+ Bg5 45. Qf3+ Kh4 46. Qf2+ Kh5 47. Qf3+ Kh4 48. Qf2+ 1/2-1/2

[Event "SLO-CupT"]
[Site "Novo Mesto"]
[Date "2015.03.28"]
[Round "3"]
[White "Mestek, Igor"]
[Black "Rozman, Mitja"]
[Result "0-1"]
[WhiteElo "2140"]
[BlackElo "2071"]
[PlyCount "102"]
[EventDate "2015.03.27"]
[EventType "team-swiss"]
[EventRounds "5"]
[EventCountry "SLO"]
[SourceTitle "EXT 2019"]
[Source "ChessBase"]
[SourceDate "2018.10.10"]
[SourceVersion "1"]
[SourceVersionDate "2018.10.10"]
[SourceQuality "1"]
[WhiteTeam "Kocevje"]
[BlackTeam "Tomo Zupan Kranj"]
[WhiteTeamCountry "SLO"]
[BlackTeamCountry "SLO"]

1. e4 e5 2. Nf3 Nc6 3. d4 exd4 4. Nxd4 Bc5 5. Be3 Bxd4 6. Bxd4 Nxd4 7. Qxd4 Qf6 8. e5 Qb6 9. Qxb6 axb6 10. Nc3 Ra5 11. Nb5 Kd8 12. Bd3 c6 13. b4 Rxb5 14. Bxb5 cxb5 15. 0-0-0 Ne7 16. f4 Kc7 17. Rhe1 Rd8 18. a3 Nc6 19. g4 d6 20. exd6+ Rxd6 21. Rxd6 Kxd6 22. h3 Bd7 23. Kb2 g6 24. Rd1+ Ke7 25. Kc3 Be6 26. Rd3 Kf6 27. Rd6 h5 28. Kd2 hxg4 29. hxg4 Ke7 30. Rd3 Bxg4 31. Rd5 Na7 32. Ke3 Be6 33. Rd2 Nc8 34. Rh2 Nd6 35. Rh8 Nc4+ 36. Kd4 Nxa3 37. Rb8 Nxc2+ 38. Kc3 Ne3 39. Rxb7+ Kf6 40. Kd4 Nd5 41. Ke4 Nxb4 42. Rxb6 Nd5 43. Rb7 b4 44. Kf3 Bf5 45. Rb8 Ke6 46. Rb7 f6 47. Rb8 Kd6 48. Rd8+ Kc5 49. Rb8 Nb6 50. Rh8 b3 51. Rh2 Nc4 0-1

[Event "SLO-chT1 West"]
[Site "Ljubljana"]
[Date "2014.10.03"]
[Round "1"]
[White "Stevanic, David"]
[Black "Rozman, Mitja"]
[Result "1-0"]
[WhiteElo "1858"]
[BlackElo "2101"]
[PlyCount "73"]
[EventDate "2014.10.03"]
[EventType "team-tourn"]
[EventRounds "9"]
[EventCountry "SLO"]
[SourceTitle "EXT 2019"]
[Source "ChessBase"]
[SourceDate "2018.10.10"]
[SourceVersion "1"]
[SourceVersionDate "2018.10.10"]
[SourceQuality "1"]
[WhiteTeam "Kocevje"]
[BlackTeam "Tomo Zupan Vzajemna"]
[WhiteTeamCountry "SLO"]
[BlackTeamCountry "SLO"]

1. e4 c5 2. c3 e5 3. Nf3 d6 4. d4 exd4 5. cxd4 Nf6 6. Nc3 Bg4 7. dxc5 dxc5 8. Qxd8+ Kxd8 9. Ne5 Be6 10. f4 Nc6 11. Nxc6+ bxc6 12. h3 Rb8 13. Be3 Rb4 14. 0-0-0+ Kc7 15. Bd3 Be7 16. f5 Bd7 17. a3 Rb7 18. Bf4+ Kb6 19. Bc4 Nh5 20. Be3 Ng3 21. Rhe1 g6 22. b3 Nh5 23. g4 Nf6 24. e5 Nxg4 25. hxg4 gxf5 26. gxf5 Bxf5 27. Na4+ Kc7 28. e6 Bxe6 29. Bf4+ Kc8 30. Ba6 h5 31. Bxb7+ Kxb7 32. Rxe6 fxe6 33. Rd7+ Kc8 34. Rxe7 Rf8 35. Rc7+ Kd8 36. Nxc5 Rxf4 37. Nxe6+ 1-0

[Event "SLO-chT1 West"]
[Site "Ljubljana"]
[Date "2013.09.28"]
[Round "2"]
[White "Ivetic, Saso"]
[Black "Rozman, Mitja"]
[Result "0-1"]
[WhiteElo "1988"]
[BlackElo "2073"]
[PlyCount "74"]
[EventDate "2013.09.27"]
[EventType "team-tourn"]
[EventRounds "9"]
[EventCountry "SLO"]
[SourceTitle "EXT 2019"]
[Source "ChessBase"]
[SourceDate "2018.10.10"]
[SourceVersion "1"]
[SourceVersionDate "2018.10.10"]
[SourceQuality "1"]
[WhiteTeam "Kocevje"]
[BlackTeam "Kranj Tomo Zupan"]
[WhiteTeamCountry "SLO"]
[BlackTeamCountry "SLO"]

1. e4 e5 2. Nf3 Nc6 3. Bb5 Nge7 4. 0-0 Ng6 5. c3 Bc5 6. d4 Bb6 7. a4 a6 8. Bc4 0-0 9. Be3 d6 10. Nbd2 Bd7 11. h3 Qe8 12. Re1 Rd8 13. Qc2 Kh8 14. Bd3 exd4 15. Nxd4 Nce5 16. Bf1 c5 17. Nf5 d5 18. exd5 Bxf5 19. Qxf5 Rxd5 20. Qe4 Qd8 21. Nc4 f5 22. Qc2 f4 23. Nxe5 Nxe5 24. Bc1 c4 25. b3 Nd3 26. Bxd3 cxd3 27. Qd2 f3 28. g3 Qd7 29. g4 h5 30. Re4 Qc7 31. Kh1 hxg4 32. Rxg4 Rh5 33. h4 Qe7 34. Kg1 Rxh4 35. Rxh4+ Qxh4 36. Qg5 Qxf2+ 37. Kh1 Qf1+ 0-1

[Event "SLO-chT Cup"]
[Site "Ljubljana"]
[Date "2012.09.16"]
[Round "5.41"]
[White "Debevec, Blaz"]
[Black "Rozman, Mitja"]
[Result "1/2-1/2"]
[WhiteElo "2063"]
[BlackElo "2029"]
[PlyCount "62"]
[EventDate "2012.09.14"]
[EventType "team-swiss"]
[EventRounds "5"]
[EventCountry "SLO"]
[SourceTitle "EXT 2015"]
[Source "ChessBase"]
[SourceDate "2014.11.20"]
[SourceVersion "1"]
[SourceVersionDate "2014.11.20"]
[SourceQuality "1"]
[WhiteTeam "Komenda"]
[BlackTeam "Tomo Zupan Vzajemna"]
[WhiteTeamCountry "SLO"]
[BlackTeamCountry "SLO"]

1. d4 Nf6 2. c4 g6 3. Nc3 Bg7 4. Nf3 0-0 5. g3 d6 6. Bg2 c5 7. 0-0 Na6 8. Re1 Bg4 9. h3 Bd7 10. Kh2 Rc8 11. d5 Rb8 12. e4 b5 13. e5 dxe5 14. Nxe5 bxc4 15. Nxc4 h5 16. Bf4 Rb4 17. b3 Ng4+ 18. hxg4 Bxc3 19. gxh5 Bxe1 20. Qxe1 gxh5 21. Bf3 Bg4 22. Bxg4 hxg4 23. Qe5 f6 24. Qh5 Rf7 25. Qxg4+ Kh8 26. Ne5 fxe5 27. Bxe5+ Rf6 28. Qh5+ Kg7 29. Qg5+ Kf7 30. Qh5+ Kg7 31. Qg5+ Kf7 1/2-1/2

[Event "SLO-chT Cup"]
[Site "Ljubljana"]
[Date "2012.09.16"]
[Round "4.31"]
[White "Rozman, Mitja"]
[Black "Srebrnic, Marko"]
[Result "0-1"]
[WhiteElo "2029"]
[BlackElo "2362"]
[PlyCount "64"]
[EventDate "2012.09.14"]
[EventType "team-swiss"]
[EventRounds "5"]
[EventCountry "SLO"]
[SourceTitle "EXT 2015"]
[Source "ChessBase"]
[SourceDate "2014.11.20"]
[SourceVersion "1"]
[SourceVersionDate "2014.11.20"]
[SourceQuality "1"]
[WhiteTeam "Tomo Zupan Vzajemna"]
[BlackTeam "Nova Gorica"]
[WhiteTeamCountry "SLO"]
[BlackTeamCountry "SLO"]

1. Nf3 Nf6 2. g3 g6 3. Bg2 Bg7 4. 0-0 0-0 5. Re1 c5 6. e4 Nc6 7. d3 d6 8. Na3 Rb8 9. c3 b5 10. Nc2 b4 11. d4 bxc3 12. bxc3 cxd4 13. Ncxd4 Bb7 14. Rb1 Ba8 15. Rxb8 Qxb8 16. Qa4 Rc8 17. Bh3 Nxd4 18. cxd4 Rc3 19. Ng5 h6 20. Bd2 Rc7 21. Ba5 hxg5 22. Bxc7 Qxc7 23. d5 g4 24. Bf1 Nd7 25. Rb1 Kh7 26. Be2 Ne5 27. Rb5 e6 28. Ra5 exd5 29. exd5 Qc3 30. Qb5 Qe1+ 31. Bf1 Nf3+ 32. Kh1 Qxf2 0-1

[Event "SLO-chT 1st League Central"]
[Site "Ljubljana"]
[Date "2012.09.13"]
[Round "2.2"]
[White "Grcar, Janez"]
[Black "Rozman, Mitja"]
[Result "0-1"]
[WhiteElo "1684"]
[BlackElo "2029"]
[PlyCount "142"]
[EventDate "2012.09.06"]
[EventType "team-swiss"]
[EventRounds "9"]
[EventCountry "SLO"]
[SourceTitle "EXT 2019"]
[Source "ChessBase"]
[SourceDate "2018.10.10"]
[SourceVersion "1"]
[SourceVersionDate "2018.10.10"]
[SourceQuality "1"]
[WhiteTeam "Kamnik DU"]
[BlackTeam "Tomo Zupan Vzajemna"]
[WhiteTeamCountry "SLO"]
[BlackTeamCountry "SLO"]

1. d4 Nf6 2. c4 g6 3. Nc3 Bg7 4. e4 0-0 5. Nf3 d6 6. Bd3 e5 7. d5 Nbd7 8. 0-0 a5 9. b3 Nh5 10. Re1 f5 11. Rb1 Nc5 12. Bc2 fxe4 13. Nxe4 Bg4 14. Nxc5 Bxf3 15. gxf3 dxc5 16. Be4 Qh4 17. Qc2 Nf4 18. Kh1 Kh8 19. Rg1 Nh3 20. Rg2 Ra6 21. Be3 Qe7 22. Qd2 Nf4 23. Rg4 Qd6 24. Rd1 a4 25. Rb1 axb3 26. axb3 Rfa8 27. Rgg1 Nh3 28. Rgc1 Ra2 29. Rc2 R2a3 30. Rcb2 b6 31. Re1 Bf6 32. Qe2 Bg5 33. Qd2 Bf4 34. Qc3 Bxe3 35. fxe3 Ra2 36. Kg2 Ng5 37. Bb1 Rxb2+ 38. Qxb2 Kg8 39. h4 Nf7 40. h5 g5 41. Qc2 Qh6 42. Rh1 Nd6 43. Qc3 Re8 44. Bd3 Qf6 45. Qc2 Re7 46. Be2 Nf5 47. Kf2 e4 48. Qa2 exf3 49. d6 cxd6 50. Qa8+ Qf8 51. Qd5+ Qf7 52. Qxf7+ Kxf7 53. Bxf3 Nxe3 54. Ra1 g4 55. Bc6 Kf6 56. Ra6 Kg5 57. Rxb6 Kxh5 58. Kg3 Kg5 59. Bh1 h5 60. Rb8 h4+ 61. Kh2 Kf4 62. Rf8+ Nf5 63. Ba8 Re2+ 64. Kg1 Re5 65. Bd5 Kg3 66. Bg2 Re1+ 67. Bf1 Ne3 68. b4 Nxf1 69. Rxf1 Rxf1+ 70. Kxf1 cxb4 71. Ke2 h3 0-1

[Event "SLO-chT U20"]
[Site "Koper"]
[Date "2012.09.01"]
[Round "7"]
[White "Rozman, Mitja"]
[Black "Grosar, Gari"]
[Result "1/2-1/2"]
[WhiteElo "2033"]
[BlackElo "1843"]
[PlyCount "35"]
[EventDate "2012.08.28"]
[EventType "team-tourn"]
[EventRounds "7"]
[EventCountry "SLO"]
[SourceTitle "EXT 2022"]
[Source "ChessBase"]
[SourceDate "2021.10.06"]
[SourceVersion "1"]
[SourceVersionDate "2021.10.06"]
[SourceQuality "1"]

1. Nf3 Nf6 2. g3 g6 3. Bg2 Bg7 4. 0-0 0-0 5. Re1 d6 6. e4 e5 7. c3 Re8 8. Qc2 Nc6 9. b4 a6 10. d3 h6 11. Bb2 d5 12. a3 Bg4 13. Nbd2 dxe4 14. dxe4 Qd7 15. Rad1 Rad8 16. Nb3 Qc8 17. Nc5 Rd6 18. Rd3 1/2-1/2

[Event "SLO-chT U20"]
[Site "Koper"]
[Date "2012.08.31"]
[Round "6"]
[White "Rozic, Samo"]
[Black "Rozman, Mitja"]
[Result "0-1"]
[WhiteElo "2089"]
[BlackElo "2033"]
[PlyCount "56"]
[EventDate "2012.08.28"]
[EventType "team-tourn"]
[EventRounds "7"]
[EventCountry "SLO"]
[SourceTitle "EXT 2022"]
[Source "ChessBase"]
[SourceDate "2021.10.06"]
[SourceVersion "1"]
[SourceVersionDate "2021.10.06"]
[SourceQuality "1"]

1. e3 Nf6 2. f4 g6 3. b3 Bg7 4. Bb2 d6 5. Nf3 0-0 6. g3 Nbd7 7. d4 e5 8. dxe5 Ng4 9. Qd2 dxe5 10. h3 Nxe3 11. Qxe3 exf4 12. Qc1 Re8+ 13. Be2 Qe7 14. Rh2 fxg3 15. Rg2 Ne5 16. Ng1 Qh4 17. Nd2 Bxh3 18. Bxe5 Bxg2 19. Bxg7 Kxg7 20. Qb2+ Qf6 21. Qxf6+ Kxf6 22. 0-0-0 h5 23. Bf3 Bxf3 24. Ngxf3 g5 25. Rf1 Kg6 26. Nc4 f6 27. Nd4 h4 28. Nf5 g2 0-1

[Event "SLO-chT U20"]
[Site "Koper"]
[Date "2012.08.30"]
[Round "4"]
[White "Bratkovic, Jakob"]
[Black "Rozman, Mitja"]
[Result "1/2-1/2"]
[WhiteElo "1922"]
[BlackElo "2033"]
[PlyCount "60"]
[EventDate "2012.08.28"]
[EventType "team-tourn"]
[EventRounds "7"]
[EventCountry "SLO"]
[SourceTitle "EXT 2022"]
[Source "ChessBase"]
[SourceDate "2021.10.06"]
[SourceVersion "1"]
[SourceVersionDate "2021.10.06"]
[SourceQuality "1"]

1. e4 c6 2. d4 d6 3. f4 Nf6 4. Bd3 Nbd7 5. e5 Nd5 6. e6 N7f6 7. exf7+ Kxf7 8. Nf3 Bg4 9. Nbd2 Nxf4 10. Bc4+ Ke8 11. 0-0 Qd7 12. Qe1 h6 13. Ne4 Nxg2 14. Nxf6+ gxf6 15. Kxg2 d5 16. Bd3 Bh3+ 17. Kf2 Bxf1 18. Qxf1 Rg8 19. Bf4 Qg4 20. Qg1 Qe6 21. Re1 Rxg1 22. Rxe6 Ra1 23. a3 Ra2 24. Re2 a5 25. Kg3 b5 26. Kh4 b4 27. axb4 axb4 28. b3 c5 29. Kh5 cxd4 30. Bg6+ Kd8 1/2-1/2

[Event "SLO-chT U20"]
[Site "Koper"]
[Date "2012.08.28"]
[Round "1"]
[White "Rozman, Mitja"]
[Black "Skuhala, Jernej"]
[Result "1-0"]
[WhiteElo "2033"]
[BlackElo "1917"]
[PlyCount "107"]
[EventDate "2012.08.28"]
[EventType "team-tourn"]
[EventRounds "7"]
[EventCountry "SLO"]
[SourceTitle "EXT 2022"]
[Source "ChessBase"]
[SourceDate "2021.10.06"]
[SourceVersion "1"]
[SourceVersionDate "2021.10.06"]
[SourceQuality "1"]

1. Nf3 Nf6 2. g3 e6 3. Bg2 d5 4. 0-0 c5 5. d3 Nc6 6. Na3 Be7 7. c3 0-0 8. Bd2 a6 9. Nc2 b5 10. Re1 e5 11. e4 d4 12. b4 Bg4 13. bxc5 Bxc5 14. h3 Bxf3 15. Qxf3 dxc3 16. Bxc3 Nd4 17. Qd1 Nxc2 18. Qxc2 Bd4 19. Qb2 Bxc3 20. Qxc3 Re8 21. Rac1 Qd7 22. Qb2 Rad8 23. Rc5 Qd6 24. Rec1 Qxd3 25. Rxe5 Rxe5 26. Qxe5 Re8 27. Qc3 Qe2 28. Qc2 Qxc2 29. Rxc2 Kf8 30. Rc6 Re6 31. e5 Rxc6 32. Bxc6 Ng8 33. f4 Ne7 34. Be4 a5 35. Kf2 b4 36. Ke3 Nc8 37. Kd4 Nb6 38. Bc2 a4 39. Kc5 b3 40. axb3 axb3 41. Bxb3 Nc8 42. Bc2 g6 43. f5 f6 44. fxg6 hxg6 45. Bxg6 fxe5 46. Bf5 Ne7 47. Be4 Kf7 48. Kd6 Kf6 49. g4 Nc8+ 50. Kc7 Ne7 51. Kd6 Nc8+ 52. Kc5 Ne7 53. h4 Ke6 54. h5 1-0